000 00623cam a2200229 4500
008 090401t1984 xxu||||| |||| 00| 0 eng d
020 _a0582305187
035 _a(Sirsi) u78265
041 _aeng
050 _a658.99
100 _aFranks, James
245 _aBuilding sub-contract management.
260 _aHarlow, Essex
_bConstruction Press
_c1984
300 _axiv,264p. ; 22cm.
350 _a0
650 _aBUILT ENVIRONMENT-BUILDING CONTRACT FORMS
650 _aBUILDING MANAGEMENT
650 _aSUBCONTRACTS
690 _aBUILT ENVIRONMENT-BUILDING CONTRACT FORMS
942 _n0
948 _c09/05/1997
999 _c96413
_d96413